[Event "Catalunya-chT"]
[Site "Spain"]
[Date "2004.??.??"]
[Round "3"]
[White "Vilalta Pedrosa, Luis"]
[Black "Rel Cartoixa, Eduard"]
[Result "0-1"]
[WhiteElo "2120"]
[BlackElo "2020"]
[PlyCount "46"]
[EventDate "2004.??.??"]
[EventType "team"]
[EventRounds "9"]
[EventCountry "ESP"]
[SourceTitle "EXT 2007"]
[Source "ChessBase"]
[SourceDate "2006.11.23"]
[SourceVersion "1"]
[SourceVersionDate "2006.11.23"]
[SourceQuality "1"]

1. Nf3 d5 2. b3 Nf6 3. Bb2 Bg4 4. e3 e6 5. h3 Bh5 6. g4 Bg6 7. Ne5 Nbd7 8. Nxg6 hxg6 9. Bg2 c6 10. d3 Qc7 11. Nd2 Bd6 12. Qe2 a5 13. e4 a4 14. Nf3 dxe4 15. dxe4 Ne5 16. Nxe5 Bxe5 17. Bxe5 Qxe5 18. 0-0 Nd5 19. Qd2 Nf4 20. Rad1 Nxh3+ 21. Bxh3 Rxh3 22. f3 Qg3+ 23. Qg2 Qh4 0-1

[Event "Martorell op-A"]
[Site "Martorell"]
[Date "1997.??.??"]
[Round "4"]
[White "Vilalta Pedrosa, Luis"]
[Black "Espasa Gonzalez, Jaume"]
[Result "1-0"]
[WhiteElo "2075"]
[BlackElo "2000"]
[PlyCount "103"]
[EventDate "1997.09.??"]
[EventType "swiss"]
[EventRounds "9"]
[EventCountry "ESP"]
[SourceTitle "EXT 2003"]
[Source "ChessBase"]
[SourceDate "2002.11.25"]
[SourceVersion "1"]
[SourceVersionDate "2002.11.25"]
[SourceQuality "1"]

1. Nf3 d5 2. b3 Nf6 3. Bb2 Nbd7 4. d4 g6 5. e3 Bg7 6. Be2 0-0 7. 0-0 b6 8. Nbd2 Bb7 9. c4 e6 10. Rc1 Rc8 11. Rc2 Re8 12. Qa1 c6 13. Rfc1 Qe7 14. a3 a6 15. b4 b5 16. cxb5 axb5 17. Nb3 Nb6 18. Nc5 Ba8 19. Ne5 Nc4 20. Ned3 Rc7 21. a4 Ra7 22. a5 Qc7 23. Bc3 Bf8 24. Nb3 Bd6 25. h3 Bb7 26. Bf3 Bc8 27. Nd2 Qe7 28. Nxc4 bxc4 29. Ne5 Qc7 30. Rb1 Ba6 31. Qb2 Bb5 32. Re2 Rb8 33. g4 Ba4 34. g5 Ne8 35. Qd2 Bb3 36. Ng4 Qe7 37. Nh6+ Kg7 38. e4 Bxb4 39. Bxb4 Qxb4 40. Qxb4 Rxb4 41. exd5 cxd5 42. Bxd5 Nd6 43. Be4 Nxe4 44. Rxe4 Rxa5 45. h4 c3 46. Rf4 Ra7 47. Rc1 c2 48. Kh2 Rd7 49. Rf3 Ba4 50. Rxc2 Bxc2 51. Rc3 Bf5 52. Rc8 1-0

[Event "Martorell op-A"]
[Site "Martorell"]
[Date "1997.??.??"]
[Round "2"]
[White "Vilalta Pedrosa, Luis"]
[Black "Fores Lara, Guillem"]
[Result "1/2-1/2"]
[WhiteElo "2075"]
[BlackElo "2045"]
[PlyCount "31"]
[EventDate "1997.09.??"]
[EventType "swiss"]
[EventRounds "9"]
[EventCountry "ESP"]
[SourceTitle "EXT 2003"]
[Source "ChessBase"]
[SourceDate "2002.11.25"]
[SourceVersion "1"]
[SourceVersionDate "2002.11.25"]
[SourceQuality "1"]

1. Nf3 d5 2. b3 Nf6 3. Bb2 e6 4. e3 Be7 5. Be2 b6 6. 0-0 Bb7 7. Ne5 0-0 8. d4 Nbd7 9. f4 a6 10. Nd2 c5 11. Qe1 cxd4 12. exd4 Ne4 13. Bd3 Ndf6 14. Ndf3 Rc8 15. Qe2 b5 16. c4 1/2-1/2

[Event "Martorell op-A"]
[Site "Martorell"]
[Date "1997.??.??"]
[Round "5"]
[White "Vilalta Pedrosa, Luis"]
[Black "Izuel Samitier, Francesco"]
[Result "1-0"]
[WhiteElo "2075"]
[BlackElo "2130"]
[PlyCount "121"]
[EventDate "1997.09.??"]
[EventType "swiss"]
[EventRounds "9"]
[EventCountry "ESP"]
[SourceTitle "EXT 2003"]
[Source "ChessBase"]
[SourceDate "2002.11.25"]
[SourceVersion "1"]
[SourceVersionDate "2002.11.25"]
[SourceQuality "1"]

1. e4 c5 2. Nf3 d6 3. d4 cxd4 4. Nxd4 Nf6 5. Nc3 Nc6 6. Bg5 e6 7. Qd2 Be7 8. 0-0-0 0-0 9. Ndb5 Qa5 10. f4 Rd8 11. Bc4 a6 12. Nd4 Nxd4 13. Qxd4 b5 14. Bb3 Bb7 15. e5 dxe5 16. Qxe5 Ng4 17. Qe2 Bxg5 18. fxg5 b4 19. Qxg4 bxc3 20. h4 Bd5 21. Kb1 Bxb3 22. axb3 cxb2 23. Kxb2 Rac8 24. Rxd8+ Qxd8 25. Rd1 Qc7 26. Qe4 Qc3+ 27. Kb1 g6 28. g4 Qc5 29. Rd4 Qb5 30. Kb2 Rb8 31. Rc4 a5 32. Qd4 Qe8 33. h5 e5 34. Qe4 Qe7 35. Qe3 gxh5 36. gxh5 Qe6 37. Re4 Re8 38. h6 f5 39. gxf6 Qxf6 40. c4 Kf7 41. Ka3 Re7 42. c5 Qf1 43. Qc3 Qb5 44. c6 Qd5 45. Rc4 Rc7 46. Rc5 Qd6 47. Ka2 Qxh6 48. Qxe5 Qd2+ 49. Ka3 Qd8 50. Qf4+ Kg8 51. Rg5+ Rg7 52. Rxg7+ Kxg7 53. Qe5+ Kg6 54. c7 Qf8+ 55. Kb2 Qf2+ 56. Kc3 Qf3+ 57. Kd4 Qd1+ 58. Kc5 Qc2+ 59. Kd6 Qd2+ 60. Ke7 Qb4+ 61. Qd6+ 1-0

[Event "Martorell op-A"]
[Site "Martorell"]
[Date "1997.??.??"]
[Round "9"]
[White "Vilalta Pedrosa, Luis"]
[Black "Toribio Martinez, Pedro"]
[Result "1-0"]
[WhiteElo "2075"]
[BlackElo "2235"]
[PlyCount "43"]
[EventDate "1997.09.??"]
[EventType "swiss"]
[EventRounds "9"]
[EventCountry "ESP"]
[SourceTitle "EXT 2003"]
[Source "ChessBase"]
[SourceDate "2002.11.25"]
[SourceVersion "1"]
[SourceVersionDate "2002.11.25"]
[SourceQuality "1"]

1. Nf3 d5 2. b3 Bf5 3. Bb2 Nd7 4. g3 Ngf6 5. Bg2 e6 6. c4 Bd6 7. Nc3 c6 8. d3 Qe7 9. 0-0 0-0-0 10. cxd5 exd5 11. Nd4 Bg6 12. Rc1 Kb8 13. a4 h5 14. h4 Bh7 15. Qd2 Bc5 16. Na2 Ng4 17. b4 Bd6 18. a5 c5 19. Nb5 Nge5 20. Nxd6 Qxd6 21. bxc5 Qe7 22. a6 1-0

[Event "Manresa op"]
[Site "Manresa"]
[Date "1995.??.??"]
[Round "1"]
[White "Spraggett, Kevin"]
[Black "Vilalta Pedrosa, Luis"]
[Result "1-0"]
[WhiteElo "2530"]
[BlackElo "2125"]
[PlyCount "67"]
[EventDate "1995.??.??"]
[EventType "swiss"]
[EventRounds "9"]
[EventCountry "ESP"]
[SourceTitle "EXT 1998"]
[Source "ChessBase"]
[SourceDate "1997.11.17"]
[SourceVersion "1"]
[SourceVersionDate "1997.11.17"]
[SourceQuality "1"]

1. e4 c5 2. Nc3 d6 3. f4 Nc6 4. Nf3 e6 5. g3 Nf6 6. Bg2 Be7 7. d3 a6 8. 0-0 0-0 9. h3 Qc7 10. g4 Re8 11. g5 Nd7 12. Ne2 b5 13. Ng3 Bb7 14. Nh2 Rad8 15. Ng4 Nb6 16. Nh5 d5 17. Qe1 Nd4 18. Qf2 dxe4 19. dxe4 b4 20. Kh1 Nc4 21. c3 bxc3 22. bxc3 Nb5 23. a4 Nbd6 24. Qe2 Na5 25. Rb1 Ndc4 26. f5 exf5 27. Rxf5 Nd6 28. Rf1 Bc8 29. Bf4 Be6 30. Rg1 Bc4 31. Qf3 Qd7 32. Be5 Bxg5 33. Bxg7 Nxe4 34. Qxe4 1-0